000 00321nam a2200145Ia 4500
999 _c14317
_d14317
003 OSt
005 20260326180315.0
008 260210s9999 xx 000 0 und d
020 _a9781959851639
082 _a690.218
100 _aICC
245 0 _aInternational Residence Code 2024
260 _bICC
942 _cUG
_2ddc